Návrat na pôvodné pracovné miesto po prevedení na inú prácu zo zdravotných dôvodov

Bibliographic Details
Main Author: Rybárová, Mária (Author)
Format: Article
Language:Slovak
Subjects:

MARC

LEADER 00000nab a2200000 a 4500
001 vtls000647637
003 SK-MaSNL
005 20260304094136.0
008 250425c1997 xo 0 slo
015 |a SNBRB19rr/mm-uuuuu 
035 |a CL0647776 
035 |a urn:nbn:sk:snk-ab76lk 
035 |a (uuid)1586e067-0c9e-4bac-b4e5-1e4555d0116e 
035 |a (urnnbn)urn:nbn:sk:snk:ar-a071un 
035 |a (sysno)vtls000647637 
040 |a SNKBUCL  |b slo  |c SNKBUCL  |e AACR2 
041 0 |a slo 
044 |a xo  |c SK 
080 |a 331.126.4  |2 1981 
100 1 |a Rybárová, Mária  |4 aut  |9 297135 
245 1 0 |a Návrat na pôvodné pracovné miesto po prevedení na inú prácu zo zdravotných dôvodov  |c Mária Rybárová 
650 0 7 |a prevedenie na inú prácu  |2 snkbucl  |9 908990 
655 7 |a články z novín a časopisov  |2 snkbucl  |9 267496 
773 0 |t Mzdy a financie  |g Roč. 4, č. 26-27 (1997), s. 94-95 
850 |a Slovenská národná knižnica 
852 |a Slovenská národná knižnica 
954 |a odborná, vedecká literatúra pôvodná (slovenská)  |2 lita 
958 |a article27 
958 |a RK 
958 |a OND 
958 |a EUIPO 
999 |c 2825821  |d 2827751